Buôn lậu và xử lý hành vi buôn lậu theo pháp luật Việt Nam : Luận văn Thạc sĩ Luật học. Chuyên ngành Luật kinh tế
Xây dựng các giải pháp nhằm góp phần trong đấu tranh phòng, chống hành vi buôn lậu có hiệu quả trong bối cảnh tình hình kinh tế - xã hội ở Việt Nam hiện nay nói chung và Đồng bằng sông Cửu Long nói riêng....
Sparad:
| Huvudupphovsman: | |
|---|---|
| Materialtyp: | Bok |
| Språk: | Undetermined |
| Publicerad: |
Cần Thơ
Trường Đại học Cần Thơ
2017
|
| Ämnen: | |
| Taggar: |
Lägg till en tagg
Inga taggar, Lägg till första taggen!
|
| Thư viện lưu trữ: | Trung tâm Học liệu Trường Đại học Cần Thơ |
|---|
| LEADER | 01126nam a2200217Ia 4500 | ||
|---|---|---|---|
| 001 | CTU_221456 | ||
| 008 | 210402s9999 xx 000 0 und d | ||
| 082 | |a 345.0268 | ||
| 082 | |b Ph561 | ||
| 088 | |a 60380107 | ||
| 100 | |a Phan, Diễm Phương | ||
| 245 | 0 | |a Buôn lậu và xử lý hành vi buôn lậu theo pháp luật Việt Nam : | |
| 245 | 0 | |b Luận văn Thạc sĩ Luật học. Chuyên ngành Luật kinh tế | |
| 245 | 0 | |c Phan Diễm Phương ; Ngô Hữu Phước (Cán bộ hướng dẫn) | |
| 260 | |a Cần Thơ | ||
| 260 | |b Trường Đại học Cần Thơ | ||
| 260 | |c 2017 | ||
| 520 | |a Xây dựng các giải pháp nhằm góp phần trong đấu tranh phòng, chống hành vi buôn lậu có hiệu quả trong bối cảnh tình hình kinh tế - xã hội ở Việt Nam hiện nay nói chung và Đồng bằng sông Cửu Long nói riêng. | ||
| 650 | |a Criminal law,Luật hình sự | ||
| 904 | |i Nghị, My,Hải | ||
| 980 | |a Trung tâm Học liệu Trường Đại học Cần Thơ | ||